| 000 | 00555nam a2200193Ia 4500 | ||
|---|---|---|---|
| 003 | BUBTL | ||
| 008 | 151213s9999 xx 000 0 und d | ||
| 082 |
_a658.421 _bKHM |
||
| 100 | _aA.R. Khan | ||
| 245 |
_aEntrepreneurship _bSmall business & lives of successful entrepreneurs _cA.R. Khan |
||
| 260 |
_aDhaka _bDecent Book House _c2000 |
||
| 300 |
_a248p . : _b24cm . _cManagement . |
||
| 650 | 0 |
_aManagement _939 |
|
| 650 | 0 |
_aManagement _939 |
|
| 700 | _aA.R. Khan | ||
| 856 |
_k0 _l0 _yDownload |
||
| 942 |
_2ddc _cBK |
||
| 999 |
_c961 _d961 |
||